[Event "Julian Borowski GM"]
[Site "Essen"]
[Date "1999.03.30"]
[Round "4"]
[White "Lobron, Eric"]
[Black "De Firmian, Nick E"]
[Result "1/2-1/2"]
[WhiteElo "2553"]
[BlackElo "2610"]

1.e4 c5 2.Nf3 d6 3.Bb5+ Bd7 4.Bxd7+ Nxd7 5.O-O e6 6.b3 Ngf6 7.Qe2 Be7 8.Bb2 O-O
9.c4 a6 10.Nc3 Ne5 11.Rab1 Nxf3+ 12.Qxf3 Qb8 13.Qe2 Qa7  1/2-1/2

[Event "Mitropa Cup"]
[Site "Baden"]
[Date "1999.04.02"]
[Round "2"]
[White "Kindermann, Stefan"]
[Black "Tratar, Marko"]
[Result "1/2-1/2"]
[WhiteElo "2541"]
[BlackElo "2450"]

1.e4 c5 2.Nf3 d6 3.Bb5+ Bd7 4.Bxd7+ Qxd7 5.c4 Nc6 6.Nc3 e5 7.d3 g6 8.a3 Bg7
9.b4 Nge7 10.bxc5 dxc5 11.O-O O-O 12.Be3 b6 13.Nd5 f5 14.Bd2 fxe4 15.dxe4 Nxd5
16.exd5  1/2-1/2

[Event "ISR-chT"]
[Site "Israel"]
[Date "1999.04.02"]
[Round "6"]
[White "Kogan, Artur"]
[Black "Gofshtein, Leonid D"]
[Result "1/2-1/2"]
[WhiteElo "2507"]
[BlackElo "2517"]

1.e4 c5 2.Nf3 d6 3.Bb5+ Bd7 4.a4 Nf6 5.Qe2 Nc6 6.c3 a6 7.Bc4 e6 8.d4 cxd4
9.cxd4 Na5 10.Bg5 Nxc4 11.Qxc4 b5 12.Qe2 bxa4 13.Nc3 Be7 14.O-O O-O 15.Rfd1 Qe8
16.Rd2 h6 17.Bxf6 Bxf6 18.Qd1 Bc6 19.Rc2 Bb5 20.Rd2 Qb8 21.Nxa4 Rc8 22.Nc3 Bc4
23.h3 Qb6 24.e5 dxe5 25.Ne4 Be7 26.Nxe5 Bb5 27.Qb3 Rab8 28.d5 exd5 29.Qxd5 Qe6
30.Qxe6 fxe6 31.Rad1 Bb4 32.Rd4 Be2 33.Ra1 a5 34.Nd3 Rc2 35.Nxb4 Rxb4 36.Rd8+ Kh7
37.Ng3 a4 38.Nxe2 Rxe2 39.Ra8 Rbxb2 40.R8xa4 Rxf2 41.Rg4 Rf6 42.Re1 Kg8 43.Re3 Kf7
44.Kh2 Rb5 45.Rge4 Rb6 46.h4 Rf5 47.Rg4 h5 48.Ra4 e5 49.Kh3 Re6 50.Rb4 Rf4
51.Rxf4+ exf4 52.Rf3 Re3 53.Rxe3 fxe3 54.Kg3 Kf6 55.Kf3 Kf5 56.g3  1/2-1/2

[Event "Dreifluesse op 7th"]
[Site "Passau"]
[Date "1999.04.02"]
[Round "1"]
[White "Holzner, Stefan"]
[Black "Golda, Harald"]
[Result "0-1"]
[WhiteElo "1987"]
[BlackElo "2285"]

1.e4 c5 2.Nf3 d6 3.Bb5+ Bd7 4.Bxd7+ Qxd7 5.O-O Nc6 6.b3 Nf6 7.Re1 g6 8.Bb2 Bg7
9.e5 dxe5 10.Nxe5 Nxe5 11.Bxe5 O-O 12.Na3 Rfd8 13.d3 b5 14.Qe2 a6 15.Rad1 Rac8
16.d4 Qe6 17.dxc5 Ng4 18.f4 Bxe5 19.fxe5 Rxd1 20.Qxd1 Rxc5 21.h3 Rxe5 22.Rxe5 Qb6+  0-1

[Event "Dreifluesse op 7th"]
[Site "Passau"]
[Date "1999.04.02"]
[Round "2"]
[White "Dickl, Errol"]
[Black "Nuska, Martin "]
[Result "1-0"]
[WhiteElo "2034"]
[BlackElo "1793"]

1.e4 c5 2.Nf3 d6 3.Bb5+ Bd7 4.Qe2 Bxb5 5.Qxb5+ Qd7 6.Nc3 a6 7.Qxd7+ Nxd7
8.Nd5 Rc8 9.c4 Ngf6 10.Nxf6+ Nxf6 11.d3 g6 12.Bd2 Bg7 13.a4 Nd7 14.Ke2 O-O
15.g4 Ne5 16.Nxe5 dxe5 17.b4 cxb4 18.Bxb4 Rc7 19.Ra3 Rfc8 20.Rb1 Bf8 21.Rab3 Rb8
22.Ba5 Rd7 23.Rb6 Rd6 24.Rxb7 Rc8 25.Bc7 Rc6 26.Bxe5 e6 27.Rb8 a5 28.R1b5 Bb4
29.Bf6 Rc7 30.Rxc8+ Rxc8 31.d4 Rxc4 32.Rb8+ Bf8 33.Be7 Rxa4 34.Bxf8 Ra2+
35.Ke3 h5 36.Be7+ Kg7 37.g5  1-0

[Event "Dreifluesse op 7th"]
[Site "Passau"]
[Date "1999.04.02"]
[Round "2"]
[White "Schelle, Artur"]
[Black "Danner, Georg"]
[Result "1-0"]
[WhiteElo "2123"]
[BlackElo "2396"]

1.e4 c5 2.Nf3 d6 3.Bb5+ Nc6 4.O-O Bd7 5.Re1 a6 6.Bf1 Bg4 7.h3 Bh5 8.d3 e6
9.c3 d5 10.Qe2 Nf6 11.g4 dxe4 12.dxe4 Bg6 13.Nh4 Be7 14.Nxg6 hxg6 15.Bg2 Qc7
16.e5 Nd7 17.Bf4 g5 18.Bg3 Nf8 19.Nd2 Ng6 20.Nc4 O-O-O 21.Nd6+ Bxd6 22.exd6 Rxd6
23.Bxd6 Qxd6 24.Rad1 Qc7 25.Qe3 Nf4 26.Qxc5 f6 27.Rd6 Ne5 28.Rxe5 fxe5 29.Qxe5 Re8
30.Bf1 Re7 31.c4 Ng6 32.Qd4 e5 33.Qd5 Nf8 34.Bg2 e4 35.c5 Nd7 36.c6 Nf6 37.cxb7+ Kb8
38.Rd8+ Ka7 39.Ra8+  1-0

[Event "Foxwoods op"]
[Site "Mashantucket"]
[Date "1999.04.03"]
[Round "5"]
[White "Hoekstra, Matthew"]
[Black "Fang, Joseph"]
[Result "0-1"]
[WhiteElo "2171"]
[BlackElo "2366"]

1.e4 c5 2.Nf3 d6 3.Bb5+ Nc6 4.O-O Bd7 5.c3 Nf6 6.Re1 a6 7.Bxc6 Bxc6 8.d4 cxd4
9.cxd4 d5 10.e5 Ne4 11.e6 f6 12.Nh4 g6 13.Nc3 Bg7 14.Nf5 O-O 15.Nh6+ Kh8
16.Nf7+ Rxf7 17.exf7 Nd6 18.Qg4 Nf5 19.h4 Qf8 20.h5 Qxf7 21.hxg6 hxg6 22.Ne2 e5
23.dxe5 fxe5 24.Ng3 Nd4 25.Qd1 Rf8 26.Be3 Nf5 27.Nxf5 gxf5 28.f4 d4 29.fxe5 Qg6
30.Qd2 dxe3 31.Rxe3 f4 32.Rh3+ Kg8 33.Qe2 f3 34.Qc4+ Rf7 35.g3 f2+ 36.Kh2 Bb5
37.Qc8+ Rf8  0-1

[Event "Dreifluesse op 7th"]
[Site "Passau"]
[Date "1999.04.03"]
[Round "3"]
[White "Petermann, Hubert"]
[Black "Hatarik, Robert"]
[Result "1-0"]
[WhiteElo "2140"]
[BlackElo "1847"]

1.e4 c5 2.Nf3 d6 3.Bb5+ Bd7 4.Bxd7+ Qxd7 5.O-O Nf6 6.Re1 Nc6 7.c3 e6 8.d4 d5
9.e5 Ne4 10.Be3 f5 11.exf6 gxf6 12.Nbd2 O-O-O 13.Nxe4 dxe4 14.Nd2 cxd4 15.cxd4 f5
16.Qa4 Kb8 17.Nc4 Bd6 18.g3 Bc7 19.Rad1 Rhg8 20.Kh1 h5 21.Rg1 h4 22.b4 hxg3
23.fxg3 Qh7 24.b5 Rxg3 25.Rxg3 Bxg3 26.Bg1 Nxd4 27.b6 a6 28.Rxd4 Rh8 29.Rd7 Qh5
30.Rxb7+ Kxb7 31.Qd7+ Kb8 32.Qa7+ Kc8 33.b7+ Kd8 34.b8=Q+ Bxb8 35.Qxb8+ Ke7
36.Qd6+ Kf7 37.Qd7+  1-0

[Event "Neckar op 3rd"]
[Site "Deizisau"]
[Date "1999.04.04"]
[Round "7"]
[White "Maier, Alexander"]
[Black "Gheng, Josef"]
[Result "0-1"]
[WhiteElo "2380"]
[BlackElo "2326"]

1.e4 c5 2.Nf3 d6 3.Bb5+ Bd7 4.Bxd7+ Nxd7 5.O-O g6 6.Nc3 Bg7 7.d3 Ngf6 8.Ng5 h6
9.Nh3 O-O 10.f4 a6 11.Qe2 e6 12.a4 Nb8 13.Be3 Nc6 14.Nf2 Nd7 15.f5 Nd4 16.Qd2 exf5
17.Bxh6 Ne5 18.Nh3 Qh4 19.Bxg7 Kxg7 20.Kh1 Rh8 21.exf5 Nxf5 22.Rae1 Rae8
23.Ne4 d5 24.Nef2 Qxa4 25.c3 Qh4 26.b4 cxb4 27.cxb4 Qd4 28.Re2 Nc6 29.b5 axb5
30.Rfe1 Rxe2 31.Qxe2 b4 32.Nd1 Nd8 33.Qb2 Ne6 34.Qxd4+ Nfxd4 35.Ne3 Rd8 36.Nf2 Nf4
37.g3 Nfe2 38.Ra1 b3 39.Nfd1 Nc2 40.Rb1 Ned4 41.Nf1 Re8 42.Nc3 Na3 43.Rd1 Ne2
44.Na4 b5 45.Nb2 Nc3 46.Rd2 Re1 47.Kg1 Nab1 48.Rf2 Na4 49.Kg2 Nbc3 50.d4 Nd1
51.Nd3 Nxf2 52.Nxe1 Ne4 53.Nf3 b2 54.N3d2 Nxd2 55.Nxd2  0-1

[Event "Dreifluesse op 7th"]
[Site "Passau"]
[Date "1999.04.04"]
[Round "5"]
[White "Tseitlin, Mikhail S"]
[Black "Peschel, Andreas"]
[Result "1-0"]
[WhiteElo "2455"]
[BlackElo "2191"]

1.e4 c5 2.Nf3 d6 3.Bb5+ Bd7 4.Bxd7+ Qxd7 5.O-O Nc6 6.b3 e5 7.c3 g6 8.d4 O-O-O
9.d5 Nce7 10.b4 cxb4 11.cxb4 Kb8 12.Bb2 Bg7 13.Ng5 Nc8 14.f4 h6 15.Nf3 Qg4
16.Qe2 f6 17.Nbd2 Nge7 18.Rac1 Nb6 19.fxe5 fxe5 20.Nd4 Qxe2 21.Nxe2 Rhf8
22.Nf4 Rc8 23.Ne6 Rxf1+ 24.Kxf1 Rxc1+ 25.Bxc1 Bf6 26.Ke2 Kc8 27.Nf3 h5 28.Be3 Kd7
29.Bxb6 axb6 30.a4 Ke8 31.Kd3 Nc8 32.Kc4 Na7 33.g3 Be7 34.h3 Bf6 35.Nd2 Bd8
36.Nb1 b5+ 37.axb5 b6 38.Nc3 Nc8 39.Na4 Ke7 40.Nb2 Ke8 41.Kd3 Bf6 42.Nc4 Kf7
43.Ke2 Ke8 44.Kf3 Kf7 45.g4 Bh4 46.gxh5 gxh5 47.Ke2 Bf6 48.Kd3 Bh4 49.Ne3 Be1
50.Kc4 Bh4 51.Nf5 Be7 52.Kd3 Kg6 53.Ke2 Bg5 54.Nc7 Kf7 55.Kd3 Bd8 56.Ne6 Be7
57.Ke2 Kg6 58.Kf3 Bg5 59.Nxg5 Kxg5 60.Kg3 Kf6 61.Kh4 Kg6 62.Ng3 Na7 63.Nxh5 Nxb5
64.Ng3 Nc3 65.Kg4 Kf6 66.h4 Na2 67.Nf5 Nxb4 68.Nxd6 Nd3 69.h5 Nf2+ 70.Kf3 Nd3
71.h6 Kg6 72.Nc4 Kxh6 73.Ke3 Nc5 74.Nxe5 Kg7 75.Nd3 Nb7 76.e5 Kf7 77.Ke4 Ke7
78.Kd4  1-0

[Event "Dreifluesse op 7th"]
[Site "Passau"]
[Date "1999.04.05"]
[Round "7"]
[White "Berezjuk, Sergej"]
[Black "Golda, Harald"]
[Result "0-1"]
[WhiteElo "2403"]
[BlackElo "2285"]

1.e4 c5 2.Nf3 d6 3.Bb5+ Bd7 4.Bxd7+ Nxd7 5.c4 Ngf6 6.Nc3 g6 7.O-O Bg7 8.d4 cxd4
9.Nxd4 O-O 10.b3 Ne5 11.Bb2 Nc6 12.Nxc6 bxc6 13.Qd2 Qa5 14.Rad1 Rfd8 15.f3 Rd7
16.Na4 Qc7 17.Qe2 Ne8 18.Bxg7 Nxg7 19.Nc3 Qa5 20.Rd3 e5 21.g3 Ne6 22.f4 Nd4
23.Qg2 f6 24.Kh1 Rf8 25.h3 Rdf7 26.f5 g5 27.Ne2 c5 28.Nc3 Qd8 29.Kh2 Kh8
30.Nd5 h5 31.Qd2 Rh7 32.Kg2 h4 33.b4 g4 34.hxg4 Rg8 35.Rh1 Rxg4 36.Qe1 cxb4
37.Nxb4 Qa5 38.a3 Qc5 39.Nd5 Qxc4 40.Rc3 Qa2+ 41.Kf1 h3 42.Qf2 Qb1+ 43.Qe1 Qb5+
44.Kg1 Ne2+ 45.Kf2 Nxc3 46.Qxc3 Rgg7 47.g4 h2 48.Qc2 Rxg4 49.Nxf6 Rf4+ 50.Kg3 Rg7+
51.Kh3 Qb7 52.Rxh2 Rf3+ 53.Kh4 Rf4+ 54.Kh3 Qc8 55.Qd1 Rg5 56.Rg2 Rxg2 57.Kxg2  0-1

[Event "ISR-ch op"]
[Site "Ramat Aviv"]
[Date "1999.04.07"]
[Round "8"]
[White "Finkel, Alexander"]
[Black "Godes, Dmitry R"]
[Result "1-0"]
[WhiteElo "2455"]
[BlackElo "2360"]

1.e4 c5 2.Nf3 d6 3.Bb5+ Bd7 4.Bxd7+ Qxd7 5.c4 Nc6 6.d4 Qg4 7.d5 Qxe4+ 8.Be3 Nd4
9.Qa4+ b5 10.Qa6 Nc2+ 11.Kd2 Nb4 12.Qxb5+ Kd8 13.Ne1 Kc8 14.Nc3 Qf5 15.a3 Rb8
16.Qa4 Nf6 17.axb4 cxb4 18.Nb5  1-0

[Event "Mitropa Cup"]
[Site "Baden"]
[Date "1999.04.08"]
[Round "7"]
[White "Pavasovic, Dusko"]
[Black "Kozul, Zdenko"]
[Result "1/2-1/2"]
[WhiteElo "2502"]
[BlackElo "2585"]

1.e4 c5 2.Nf3 d6 3.Bb5+ Nd7 4.d4 Nf6 5.Nc3 cxd4 6.Qxd4 a6 7.Bxd7+ Nxd7 8.O-O e5
9.Qc4 Nb6 10.Qb4 a5 11.Qb5+ Bd7 12.Qd3 Na4 13.Nxa4 Bxa4 14.Rd1 Qc7 15.b3 Bc6
16.a4 O-O-O 17.Be3 Be7 18.Qc4 Rd7 19.Ng5 h6 20.Nxf7 Rf8 21.b4 axb4 22.a5 Kb8
23.Bb6 Qc8 24.Qe6 Ka8 25.f3 Bb5 26.Rd5 Qc6 27.Rad1 Bc4 28.Nxe5 Bxd5 29.Qxd5 dxe5
30.Qxd7 Qxc2 31.a6 Bc5+ 32.Kh1 Qxd1+ 33.Qxd1 Bxb6 34.axb7+ Kxb7 35.Qd7+ Ka6
36.Qa4+ Ba5 37.Qc6+ Bb6 38.Qc4+ Kb7 39.Qd5+ Ka6 40.Qxe5 Rd8 41.h4 Rd3 42.Qxg7 b3
43.Qb2 Kb5 44.Qe2 Kc4 45.e5 Bd4 46.e6 b2 47.Qc2+ Bc3 48.e7 Re3 49.Qa4+ Kd3
50.Qd1+ Kc4 51.Qa4+ Kd3  1/2-1/2

[Event "ROM-chT"]
[Site "Sovata"]
[Date "1999.04.16"]
[Round "1"]
[White "Zatonskih, Anna"]
[Black "Kovalevskaya, Ekaterina"]
[Result "1/2-1/2"]
[WhiteElo "2326"]
[BlackElo "2499"]

1.e4 c5 2.Nf3 d6 3.Bb5+ Bd7 4.Bxd7+ Qxd7 5.c4 Nc6 6.Nc3 Nf6 7.d4 cxd4 8.Nxd4 e6
9.O-O Be7 10.f4 O-O 11.Kh1 Rac8 12.b3 Rfd8 13.Bb2 a6 14.a4 Qc7 15.Qd3 Qa5
16.Nce2 Qh5 17.Ng3 Qh6 18.Rad1 Nxd4 19.Bxd4 Nd7 20.Qf3 Bh4 21.Nh5 g6 22.g4 gxh5
23.g5 Bxg5 24.Rg1 e5 25.Rxg5+ Kf8 26.Be3 Qe6 27.f5 Qe7 28.Rxh5 Ke8 29.Rxh7 Nf8
30.Rh6 b5 31.Bb6 Rd7 32.f6 Qe6 33.Rh8 Rb7 34.a5 bxc4 35.Rg1 Kd7 36.Rgg8 Rbb8
37.bxc4 Qxc4 38.Qe3 Qc1+ 39.Qxc1 Rxc1+ 40.Kg2  1/2-1/2

[Event "BL2-N9899"]
[Site "Germany"]
[Date "1999.04.18"]
[Round "9.2"]
[White "Glienke, Manfred"]
[Black "Lipinsky, Fabian"]
[Result "1/2-1/2"]
[WhiteElo "2395"]
[BlackElo "2390"]

1.e4 c5 2.Nf3 d6 3.Bb5+ Nd7 4.O-O Nf6 5.Re1 a6 6.Bf1 b6 7.d4 cxd4 8.Nxd4 Bb7
9.f3 e6 10.c4 Be7 11.Nc3 O-O 12.Be3 Rc8 13.Rc1 Qc7 14.Qd2 Rfe8 15.Kh1 Qb8
16.Bf2 Kh8 17.Nc2 Rg8 18.Rcd1 Qc7 19.Ne3 g5 20.Be2 Ne5 21.Rc1 Rg6 22.b3 Rcg8
23.Qd4 Rb8 24.Red1 Kg8 25.Bg3 Nh5 26.Bf2 Nf4 27.Bf1 Ba8 28.Qd2 Bf8 29.Ne2 Nh5
30.Nc2 Nf6 31.Nb4 Qc8 32.Nd3 g4 33.Nxe5 dxe5 34.Ng3 h5 35.Bd3 h4 36.Nf1 h3
37.gxh3 gxf3 38.Ng3 Qc7 39.Rg1 Rd8 40.Rcd1 Bh6 41.Qb4 Bf8 42.Qe1 Bc5 43.Rf1 Ne8
44.Bc2 Ng7 45.Bxc5 bxc5 46.Rxd8+ Qxd8 47.Bd1 f5 48.Bxf3 f4 49.Ne2 Ne8 50.Rg1 Rg7
51.Rxg7+ Nxg7 52.Nc3 Qd3 53.Bg4 Kf7 54.Kg1 Kf8 55.Na4 Bxe4 56.Nxc5 Qd4+ 57.Qf2 Qa1+
58.Qf1 Qd4+ 59.Qf2 Qa1+ 60.Qf1 Qd4+ 61.Qf2  1/2-1/2

[Event "ROM-chT"]
[Site "Sovata"]
[Date "1999.04.18"]
[Round "3"]
[White "Ionescu Brandis, Irina"]
[Black "Caravan, Mariana"]
[Result "1-0"]
[WhiteElo "2287"]
[BlackElo "2120"]

1.e4 c5 2.Nf3 d6 3.Bb5+ Bd7 4.Bxd7+ Qxd7 5.O-O Nc6 6.b3 Nf6 7.Re1 g6 8.c3 Bg7
9.d4 cxd4 10.cxd4 Rc8 11.Nc3 O-O 12.Bb2 d5 13.Ne5 Qd8 14.Nxc6 bxc6 15.e5 Ne8
16.Na4 Nc7 17.Nc5 Ne6 18.Nxe6 fxe6 19.Ba3 Rf5 20.Bc5 Qf8 21.Re2 Rc7 22.Rc1 Rh5
23.Rc3 Qf4 24.h3 Bh6 25.Rec2 Rf5 26.g3 Rg5 27.Rf3 Qe4 28.Qe2 Qxe2 29.Rxe2 Rf5
30.Rc3 Rf8 31.Rec2 Kf7 32.Bb4 Ke8 33.Rxc6 Rxc6 34.Rxc6 Kd7 35.Ra6 Ra8 36.Bc5  1-0

[Event "ROM-chT"]
[Site "Sovata"]
[Date "1999.04.19"]
[Round "4"]
[White "Iordachescu, Viorel"]
[Black "Ghinda, Mihail Viorel"]
[Result "1-0"]
[WhiteElo "2539"]
[BlackElo "2469"]

1.e4 c5 2.Nf3 d6 3.Bb5+ Bd7 4.Bxd7+ Qxd7 5.c4 Nc6 6.O-O Nf6 7.Nc3 Ne5 8.Nxe5 dxe5
9.Qe2 e6 10.f4 exf4 11.e5 Ng8 12.d3 Ne7 13.Bxf4 Nc6 14.Ne4 O-O-O 15.Rad1 Be7
16.Kh1 Nd4 17.Qf2 f5 18.Nd6+ Bxd6 19.exd6 Qc6 20.b4 Rxd6 21.Bxd6 Qxd6 22.bxc5 Qxc5
23.Rb1 Rd8 24.Rfe1 g5 25.a4 h5 26.Qe3 Qe7 27.a5 a6 28.Rb6 Rd7 29.Reb1 Nc6
30.Qf3 Qd6 31.Qxh5 Qxd3 32.Rxc6+ bxc6 33.Qe8+  1-0

[Event "ROM-chT"]
[Site "Sovata"]
[Date "1999.04.20"]
[Round "5"]
[White "Negulescu, Adrian"]
[Black "Suba, Mihai"]
[Result "1/2-1/2"]
[WhiteElo "2452"]
[BlackElo "2531"]

1.e4 c5 2.Nf3 d6 3.Bb5+ Nd7 4.d4 Nf6 5.Nc3 cxd4 6.Qxd4 e5 7.Qd3 h6 8.Nd2 Be7
9.Nc4 O-O 10.Bxd7 Bxd7 11.O-O Be6 12.Ne3 Rc8 13.Bd2 Qb6 14.Rfd1 a6 15.Be1 Rfd8
16.a4 Bf8 17.a5 Qc6 18.f3 Nh5 19.g3 Nf6 20.g4 h5 21.h3 hxg4 22.hxg4 Be7 23.Bf2 Nh7
24.Ned5 Bg5 25.Nb6 Bc4 26.Nxc4 Qxc4 27.Bb6 Rd7 28.Qxc4 Rxc4 29.Rd3 Nf8 30.b3 Rc6
31.Ra2 Ne6 32.Nd5 Nf4 33.Nxf4 Bxf4 34.c4 Kf8 35.Ra1 Bg5 36.Rad1 Bd8 37.Bxd8 Rxd8  1/2-1/2

[Event "ISR-chT"]
[Site "Israel"]
[Date "1999.04.23"]
[Round "9"]
[White "Deutsch, Eyal"]
[Black "Kaspi, Alexander"]
[Result "0-1"]
[WhiteElo "2195"]
[BlackElo "2510"]

1.e4 c5 2.Nf3 d6 3.Bb5+ Nd7 4.d4 Nf6 5.Nc3 cxd4 6.Qxd4 e5 7.Qd3 h6 8.Be3 Be7
9.h3 a6 10.Bxd7+ Bxd7 11.a4 O-O 12.O-O Rc8 13.Rfd1 Be6 14.a5 Qc7 15.Ne1 Bc4
16.Qd2 Qc6 17.f3 Rfd8 18.Bb6 Rd7 19.Nd3 Bd8 20.Bf2 b5 21.Nb4 Qb7 22.Qe1 Be6
23.Qe2 Rc4 24.Ncd5 Bxd5 25.Nxd5 Nxd5 26.Rxd5 Qc6 27.c3 f5 28.Qd3 fxe4 29.fxe4 Bc7
30.Kh1 Rf7 31.Bb6 Bb8 32.Be3 Qc8 33.Kg1 Qc6 34.Rf1 Rxf1+ 35.Kxf1 Ra4 36.b4 Ra1+
37.Kf2 Qe8 38.Bd2 Qg6 39.Qf3 Ba7+ 40.Ke2 Rh1 41.Be3 Bxe3 42.Kxe3 Qg5+ 43.Kf2 Qc1
44.Qe2 Qxc3 45.Rxd6 Qxb4 46.Rxa6 Rb1 47.Qa2+ Kh7 48.Rxh6+ Kxh6 49.Qe6+ g6  0-1

[Event "St Quentin op"]
[Site "St Quentin"]
[Date "1999.04.23"]
[Round "7"]
[White "Bogdanov, Emil"]
[Black "Afek, Yochanan"]
[Result "1/2-1/2"]
[WhiteElo "2238"]
[BlackElo "2362"]

1.e4 c5 2.Nf3 d6 3.Bb5+ Bd7 4.Bxd7+ Qxd7 5.O-O Nc6 6.c3 Nf6 7.Re1 e5 8.d4 Be7
9.Bg5 h6 10.Bxf6 Bxf6 11.dxc5 dxc5 12.Na3 Qxd1 13.Rexd1 Rd8 14.Nb5 Ke7 15.Kf1 Rxd1+
16.Rxd1 Rd8 17.Rxd8 Kxd8 18.Nd6 Kd7 19.Nf5 h5 20.Ke2 c4 21.Ne3 b5 22.Kd2 Ke6
23.a4 a6 24.Kc2 Bd8 25.axb5 axb5 26.b4 cxb3+ 27.Kxb3 g6 28.Nd2 Bb6 29.Ndf1 Bc5
30.f3 f5 31.Kc2 fxe4 32.fxe4 Kf6 33.Kd3 Ne7 34.Ke2 Nc8 35.Nd5+ Kf7 36.Nfe3  1/2-1/2

[Event "St Quentin op"]
[Site "St Quentin"]
[Date "1999.04.25"]
[Round "9"]
[White "Shirazi, Kamran G"]
[Black "Vujovic, Milorad"]
[Result "1-0"]
[WhiteElo "2403"]
[BlackElo "2306"]

1.e4 c5 2.Nf3 d6 3.Bb5+ Bd7 4.a4 Nc6 5.O-O e6 6.Re1 Be7 7.c3 Nf6 8.h3 Ne5
9.Bf1 Rc8 10.d3 Bc6 11.Nfd2 Ng6 12.Na3 Qc7 13.Nb5 Qb8 14.d4 O-O 15.Bd3 Nf4
16.Bb1 e5 17.Nf1 Ng6 18.Ng3 a6 19.Na3 Rfe8 20.d5 Bd7 21.Nf5 Bf8 22.Bg5 Bxf5
23.exf5 Ne7 24.Bxf6 gxf6 25.a5 Qc7 26.Nc4 Kh8 27.Ra4 Rcd8 28.Be4 Bg7 29.Qh5 Nc8
30.Re3 Rg8 31.Rg3 Qe7 32.Bc2 Bf8 33.Rxg8+ Kxg8 34.Ne3 Bg7 35.Rh4 h6 36.Ba4 Qf8
37.Rg4 Kh7 38.Rg3 Ne7 39.Qd1 Rb8 40.Qb3 Qd8 41.Nc4 Kh8 42.Qc2 Nxd5 43.Rd3 Nf4
44.Rxd6 Qg8 45.Qe4 Bf8 46.Rxf6 Nxh3+ 47.Kf1 Qg5 48.Rxf7 Kg8 49.Rd7 Nf4 50.Nxe5 Be7
51.g3 Nh5 52.Bb3+ Kg7 53.f6+ Qxf6 54.Qg4+ Kf8 55.Qg8+  1-0

[Event "POL-ch"]
[Site "Polanica Zdroj"]
[Date "1999.04.28"]
[Round "6"]
[White "Ehrenfeucht, Wojciech"]
[Black "Kuczynski, Robert"]
[Result "1/2-1/2"]
[WhiteElo "2337"]
[BlackElo "2430"]

1.e4 c5 2.Nf3 d6 3.Bb5+ Nc6 4.O-O Bd7 5.Re1 Nf6 6.c3 a6 7.Bf1 Bg4 8.h3 Bh5
9.d3 e6 10.g4 Bg6 11.Nh4 Nd7 12.Nxg6 hxg6 13.Nd2 Be7 14.Nf3 Nb6 15.d4 cxd4
16.cxd4 d5 17.e5 a5 18.b3 a4 19.Bd2 O-O 20.Bb5 axb3 21.axb3 Nd7 22.Rxa8 Qxa8
23.Qa1 Rc8 24.Kg2 Bd8 25.Rc1 Qxa1 26.Rxa1 Kf8 27.h4 Ke8 28.Rc1 Be7 29.h5 gxh5  1/2-1/2

[Event "PHI-ch"]
[Site "Quezon City"]
[Date "1999.04.28"]
[Round "7"]
[White "Antonio, Rogelio Jr"]
[Black "Chiong, Luiz"]
[Result "1-0"]
[WhiteElo "2558"]
[BlackElo "2390"]

1.e4 c5 2.Nf3 d6 3.Bb5+ Nd7 4.d4 cxd4 5.Qxd4 e5 6.Qd3 h6 7.Be3 Nf6 8.Nc3 Be7
9.Bc4 a6 10.a4 O-O 11.O-O Qc7 12.a5 Nc5 13.Bxc5 Qxc5 14.Nd5 Nxd5 15.Bxd5 Be6
16.Bxe6 fxe6 17.Qb3 Qc8 18.Rfd1 Rf6 19.Ra4 Qc6 20.Rc4 Qb5 21.Rb4 Qxa5 22.Rxb7 Bf8
23.Qc4 Re8 24.h3 Rf7 25.Qc6 Rxb7 26.Qxe8 Re7 27.Qc8 Qb6 28.b3 Kf7 29.Rd3 Kg8
30.c4 Qb7 31.Qxb7 Rxb7 32.Kf1 Rb4 33.Ne1 Kf7 34.Ke2 Be7 35.Nc2 Rb8 36.b4 Rc8
37.Ne3 Bg5 38.b5 axb5 39.cxb5 Rc5 40.b6 Bxe3 41.Kxe3 Rb5 42.Rxd6 Ke7 43.Rc6 Kd7
44.Rc7+ Kd6 45.Rxg7 Rxb6 46.Kf3 Rb3+ 47.Kg4 Rb2 48.Kg3 Rb8 49.f3 Rh8 50.Kg4 h5+
51.Kh4  1-0

[Event "BEL-chT9899"]
[Site "Antwerp"]
[Date "1999.04.??"]
[Round "11"]
[White "Coenen, Norbert"]
[Black "Aubel, Jochem"]
[Result "1-0"]
[WhiteElo "2361"]
[BlackElo "2319"]

1.e4 c5 2.Nf3 d6 3.Bb5+ Nd7 4.O-O Nf6 5.Re1 a6 6.Bf1 b6 7.c3 Bb7 8.d3 e5
9.Nbd2 Be7 10.a3 O-O 11.b4 Re8 12.g3 Bf8 13.Rb1 Rc8 14.Bb2 b5 15.c4 cxb4
16.axb4 bxc4 17.dxc4 a5 18.b5 Nc5 19.Qc2 Qb6 20.Re2 Qa7 21.Bh3 Rcd8 22.Ne1 g6
23.Bg2 Bh6 24.Nb3 Rc8 25.Ba3 Nxb3 26.Rxb3 Qd4 27.Rc3 Red8 28.Nf3 Qa7 29.Nd2 Qa8
30.Rd3 Bxd2 31.Rdxd2 Qb8 32.Bh3 Qc7 33.Bxc8 Rxc8 34.Bxd6 Qxc4 35.Qxc4 Rxc4
36.f3  1-0

[Event "Capablanca mem Mixto"]
[Site "Havana"]
[Date "1999.05.09"]
[Round "3"]
[White "Fierro Baquero, Martha Lorena"]
[Black "Duarte, Tatiana"]
[Result "1-0"]
[WhiteElo "2252"]
[BlackElo "2146"]

1.e4 c5 2.Nf3 d6 3.Bb5+ Bd7 4.c4 g6 5.d4 a6 6.Bxd7+ Nxd7 7.O-O Bg7 8.Be3 cxd4
9.Bxd4 Ngf6 10.Nc3 O-O 11.Re1 Re8 12.b3 Rb8 13.a4 b6 14.Qc2 Nc5 15.Rad1 Qc8
16.Nd5 Nh5 17.Bxg7 Nxg7 18.e5 dxe5 19.Nxe5 Qf5 20.Qxf5 Nxf5 21.Nc6 Rb7 22.Nf6+ exf6
23.Rxe8+ Kg7 24.Rb8 Rxb8 25.Nxb8  1-0

[Event "Capablanca mem Mixto"]
[Site "Havana"]
[Date "1999.05.12"]
[Round "5"]
[White "Fierro Baquero, Martha Lorena"]
[Black "Pina, Sulennis"]
[Result "0-1"]
[WhiteElo "2252"]
[BlackElo "2241"]

1.e4 c5 2.Nf3 d6 3.Bb5+ Nd7 4.O-O Nf6 5.Re1 a6 6.Bf1 b6 7.c4 Bb7 8.Nc3 e6
9.d4 cxd4 10.Nxd4 Be7 11.f3 O-O 12.Be3 Rc8 13.Rc1 Ne5 14.b3 Qc7 15.h3 Qb8
16.Qe2 Bd8 17.Red1 Bc7 18.Qf2 Rfe8 19.Nc2 Ned7 20.Bf4 Rcd8 21.Kh1 Ne5 22.Bg5 Ned7
23.Ne3 h6 24.Bh4 Rc8 25.Ng4 Nxg4 26.hxg4 Ne5 27.g5 hxg5 28.Bxg5 Ng6 29.Be3 Bc6
30.Ne2 Ba8 31.Nf4 Ne5 32.Nh5 Ng6 33.Bd4 f6 34.Qb2 Kf7 35.Bxf6 Rh8 36.g4 Rxh5+
37.gxh5 Rh8 38.Bxg7 Rxh5+ 39.Kg1 e5 40.c5 Kxg7 41.Rd2 bxc5 42.Rg2 Kf6 43.Bxa6 c4  0-1

[Event "NOR-chT"]
[Site "Langesund"]
[Date "1999.05.12"]
[Round "1"]
[White "Gudbrandsen, Gustav"]
[Black "Nordahl, Helge"]
[Result "0-1"]
[WhiteElo "2343"]
[BlackElo "2247"]

1.e4 c5 2.Nf3 d6 3.Bb5+ Nd7 4.O-O Nf6 5.Re1 a6 6.Bxd7+ Bxd7 7.d4 cxd4 8.Nxd4 e5
9.Nf5 Nxe4 10.Nxg7+ Bxg7 11.Rxe4 Be6 12.Qh5 Qc7 13.Nc3 O-O-O 14.Bh6 Rhg8
15.Rae1 f5 16.Rb4 Bf6 17.g3 f4 18.Qf3 Rg6 19.Nd5 Bxd5 20.Qxd5 Kb8 21.Bxf4 exf4
22.Rxf4 Qc5 23.Qf3 Be5 24.Rf7 Qb6 25.Re3 Rg7 26.Rf8 Rg8 27.Rf7 Rg7 28.Rf8 Ka7
29.a4 Rxf8 30.Qxf8 Qc7 31.c3 Rf7 32.Qg8 Qe7 33.a5 Qf6 34.Re2 h5 35.Qe8 h4
36.Qa4 hxg3 37.hxg3 Bxg3 38.f3 Be5 39.Qb4 Qg5+ 40.Kf2 Qg3+ 41.Ke3 Qxf3+ 42.Kd2 Bf4+  0-1

[Event "Capablanca mem Premier I"]
[Site "Havana"]
[Date "1999.05.13"]
[Round "6"]
[White "Rivera, Alberto"]
[Black "Roeder, Mathias"]
[Result "1-0"]
[WhiteElo "2392"]
[BlackElo "2448"]

1.e4 c5 2.Nf3 d6 3.Bb5+ Bd7 4.Bxd7+ Qxd7 5.O-O Nc6 6.c4 Nf6 7.Nc3 Ne5 8.d3 Nxf3+
9.Qxf3 g6 10.Qe2 Bg7 11.f4 Ng4 12.h3 Bd4+ 13.Kh1 Bxc3 14.bxc3 Nf6 15.f5 O-O-O
16.Bg5 Nh5 17.Qf3 f6 18.Be3 Qa4 19.Rab1 Rd7 20.Bh6 Rg8 21.Rf2 Kb8 22.Rfb2 Qc6
23.a4 Ng7 24.Qg4 Ne8 25.a5 Rc7 26.Rb5 Ka8 27.Kh2 Ng7 28.fxg6 hxg6 29.Qxg6 Qe8
30.Qxe8+ Nxe8 31.Be3 Ng7 32.d4 Ne6 33.d5 Nd8 34.e5 fxe5 35.Rf1 e6 36.Rf6 Kb8
37.Rb2 Rcg7 38.g4 exd5 39.cxd5 Kc7 40.c4 Rh7 41.Kg3 Kd7 42.h4 Ke7 43.Rh6 Rhg7
44.Bg5+ Kd7 45.Rf6 e4 46.Kf4 e3 47.Kxe3 Re7+ 48.Kd3 Re1 49.Rg2 Rh1 50.Re2 Rd1+
51.Kc3 b6 52.a6 b5 53.Rh6 Rg7 54.Rh8 b4+ 55.Kc2 Rxg5 56.Rh7+  1-0

[Event "NOR-chT"]
[Site "Langesund"]
[Date "1999.05.13"]
[Round "3"]
[White "Michelsen, Svein"]
[Black "Trygstad, Kristian"]
[Result "1/2-1/2"]
[WhiteElo "2225"]
[BlackElo "2254"]

1.e4 c5 2.Nf3 d6 3.Bb5+ Nd7 4.O-O Nf6 5.Re1 a6 6.Bf1 b6 7.d3 g6 8.c3 Bb7
9.Nbd2 Ne5 10.d4 Nxf3+ 11.Qxf3 cxd4 12.cxd4 Bg7 13.Bd3 O-O 14.Qe2 Nd7 15.Nf3 e5
16.Bg5 Qe8 17.d5 f5 18.Bd2 h6 19.Bb4 Nc5 20.Bxc5 bxc5 21.Nd2 f4 22.f3 g5
23.Rec1 h5 24.Rc3 Rf7 25.Ra3 a5 26.Bb5 Qd8 27.Nc4 Bc8 28.Bc6 Raa7 29.Qd2 g4
30.Rxa5 Bf8 31.Rxa7 Rxa7 32.a4 Rg7 33.Rf1 Qh4 34.Nb6 Ba6 35.Bb5 Bxb5 36.axb5 Rb7
37.Nc4 Rxb5 38.Qd3  1/2-1/2

[Event "VCN SchaakFestival"]
[Site "Soest"]
[Date "1999.05.14"]
[Round "1"]
[White "Jansen, Bob"]
[Black "Van den Nieuwendijk, Marco"]
[Result "0-1"]
[WhiteElo "1583"]
[BlackElo "1988"]

1.e4 c5 2.Nf3 d6 3.Bb5+ Nd7 4.d4 Nf6 5.e5 dxe5 6.dxe5 Qa5+ 7.Nc3 Ne4 8.Bxd7+ Bxd7
9.Bd2 Nxc3 10.Bxc3 Qa6 11.a4 e6 12.Qe2 Qxe2+ 13.Kxe2 Bc6 14.b3 Be7 15.Rad1 Rd8
16.Rxd8+ Kxd8 17.Rd1+ Kc7 18.g3 b6 19.Nd2 Rd8 20.Ke1 g6 21.Nc4 Rxd1+ 22.Kxd1 a6
23.Ke2 b5 24.axb5 Bxb5 25.Kd3 Kc6 26.f4 Bd8 27.Ke4 Bxc4 28.bxc4 a5 29.Bb2 a4
30.c3 h5 31.h4 Be7 32.Ba3 Kd7 33.Bb2 Ke8 34.Ba3 Kf8 35.Bb2 Kg7 36.Ke3 f6
37.Ke4 Kf7 38.exf6 Kxf6 39.Bc1 Bd6 40.Ba3 e5 41.Bb2 exf4 42.gxf4 Ke6 43.Ba3 Be7
44.Kf3 Kf5 45.Ke3 Bxh4 46.Bxc5 Be1 47.Bb4 h4 48.Kf3 h3 49.c5 h2 50.Kg2 Bg3
51.c6 Bxf4 52.c4 Bc7 53.c5 Ke4 54.Bc3 Kd5 55.Bb4 Kxc6 56.Ba3 Kb5  0-1